[Event "IRI-ch U16 Girls"]
[Site "Chess.com INT"]
[Date "2021.01.16"]
[Round "6"]
[White "Seidi Hallaj, Seideh Hasti"]
[Black "Dashti, Parmiss"]
[Result "0-1"]
[WhiteElo "1627"]
[BlackElo "1384"]
[PlyCount "184"]
[EventDate "2021.01.16"]
[EventType "swiss"]
[EventRounds "9"]
[EventCountry "IRI"]
[SourceTitle "EXT 2022"]
[Source "ChessBase"]
[SourceDate "2021.10.06"]
[SourceVersion "1"]
[SourceVersionDate "2021.10.06"]
[SourceQuality "1"]

1. c4 d6 2. g3 Nf6 3. Bg2 c6 4. Nc3 e5 5. d4 Qc7 6. e3 Bf5 7. e4 Bg6 8. Nge2 Nbd7 9. f4 0-0-0 10. h3 exf4 11. gxf4 Nb6 12. Ng3 h6 13. Qd3 d5 14. cxd5 cxd5 15. Be3 Bb4 16. Rc1 Kb8 17. a3 Bxc3+ 18. Rxc3 Qe7 19. f5 dxe4 20. Bf4+ Ka8 21. Bxe4 Nxe4 22. Qxe4 Qxe4+ 23. Nxe4 Bxf5 24. Ng3 Rhe8+ 25. Kf2 Be4 26. Rd1 Nd5 27. Rcc1 a6 28. Nxe4 Rxe4 29. Bc7 Nxc7 30. Rxc7 Rexd4 31. Rxd4 Rxd4 32. Rxf7 Rd2+ 33. Kg1 Rxb2 34. Rxg7 Rb3 35. h4 Rh3 36. Kg2 Rxh4 37. Rg6 Ka7 38. Kf2 a5 39. Ke2 b6 40. Kd2 Rh5 41. Kc3 Ka6 42. Kb3 Kb5 43. Rf6 Rh3+ 44. Kb2 h5 45. Rg6 h4 46. Rh6 Ka4 47. Rf6 Rh2+ 48. Kc3 Rh3+ 49. Kb2 b5 50. Rf4+ b4 51. axb4 axb4 52. Rf8 Rh2+ 53. Kb1 Kb3 54. Rf3+ Kc4 55. Rf4+ Kb5 56. Rf5+ Ka4 57. Rf8 h3 58. Rf3 b3 59. Rf8 Rh1+ 60. Kb2 Rh2+ 61. Kb1 Kb4 62. Rb8+ Kc4 63. Rc8+ Kd3 64. Rd8+ Kc4 65. Rc8+ Kd3 66. Rd8+ Ke3 67. Re8+ Kf3 68. Rf8+ Kg2 69. Kb2 Kg1+ 70. Kxb3 Rg2 71. Rc8 h2 72. Rc1+ Kf2 73. Rc2+ Kg3 74. Rc3+ Kg4 75. Rc4+ Kh3 76. Rc8 Rg3+ 77. Kc2 h1Q 78. Rh8+ Kg2 79. Rxh1 Kxh1 80. Kd2 Kg2 81. Ke2 Rf3 82. Kd2 Kf2 83. Kd1 Re3 84. Kc1 Re2 85. Kd1 Ke3 86. Kc1 Kd3 87. Kb1 Rd2 88. Ka1 Kc3 89. Kb1 Rc2 90. Ka1 Kb3 91. Kb1 Rc3 92. Ka1 Rc1# 0-1